000 00979nam a2200277Ia 4500
003 OSt
005 20260417173157.0
006 a|||||r|||| 00| 0
007 ta
008 220926b |||||||| |||| 00| 0 eng d
024 _a83812
037 _cTheses
040 _aCRL
_cCRL
_beng
041 _2eng
_aeng
100 _aTaganas Rey Antonio L.
_9391167
110 _aUniversity of Delhi. Faculty of Social Sciences and Humanities. Department of Business Economics
245 0 _aInternational competitiveness and the strategies of firms in the information technology sector of India
260 _c2005
300 _a295p.
_ap.
_ccm.
650 _aBUSINESS
700 _a Kaul Vijay Kumar Gu.
_9537417
700 _a Nair K R G Gu.
_9537418
700 _aUniversity of Delhi. Faculty of Social Sciences and Humanities. Department of Business Economics
942 _cTH
_2CC
999 _c868817
_d868817